Statistics for 100 Largest Cities in Texas by Population

Click here to take the quiz!

General Stats

  • This quiz has been taken 762 times
  • The average score is 42 of 100

Answer Stats

Rank Population City % Correct
12,195,914Houston
100%
31,257,676Dallas
100%
4885,400Austin
99%
21,409,019San Antonio
98%
6674,433El Paso
97%
5792,727Fort Worth
95%
8316,381Corpus Christi
92%
11239,538Lubbock
89%
14196,429Amarillo
89%
23129,030Waco
87%
9274,409Plano
85%
7379,577Arlington
85%
16181,860Brownsville
85%
10248,142Laredo
85%
25123,933Midland
78%
22136,639McAllen
76%
6548,733.00Galveston
76%
29110,720Odessa
76%
13228,653Irving
71%
28117,796Beaumont
70%
12234,566Garland
70%
27120,099Abilene
69%
31104,898Wichita Falls
68%
34100,223.00Tyler
65%
26123,099Denton
65%
18148,559McKinney
64%
20137,147Killeen
64%
15183,372Grand Prairie
61%
21136,791Frisco
60%
36100,050.00College Station
60%
17152,735Pasadena
59%
19143,484Mesquite
59%
8237,442Texarkana
58%
30109,821Round Rock
56%
4083,860.00Sugar Land
54%
3797,492.00San Angelo
53%
5363,279.00New Braunfels
48%
3892,020.00Allen
48%
6054,076.00San Marcos
47%
5265,098.00Victoria
44%
24126,700Carrollton
43%
4770,190.00Temple
42%
4181,443.00Longview
42%
32104,475Richardson
41%
5954,135.00Port Arthur
39%
35100,065.00Pearland
38%
6846,081.00Texas City
37%
6450,195.00Grapevine
37%
4478,709.00Bryan
35%
33101,074Lewisville
35%
5854,898.00Georgetown
35%
8735,589Del Rio
34%
8436,085Lufkin
31%
8933,868Nacogdoches
30%
5165,665.00Harlingen
30%
4380,836.00Edinburg
30%
5463,032.00Conroe
30%
4968,609.00Flower Mound
30%
3990,983.00League City
29%
4575,418.00Baytown
29%
9831,591Waxahachie
28%
7539,795.00Huntsville
26%
6351,483.00DeSoto
26%
7839,296.00Sherman
25%
4281,050.00Mission
23%
5660,872.00Mansfield
23%
6153,752.00Pflugerville
23%
6253,224.00Euless
22%
4870,185.00Missouri City
21%
7240,922.00Rockwall
21%
5561,238.00Cedar Park
20%
5067,317.00North Richland Hills
18%
6648,592.00Bedford
18%
7639,605.00Duncanville
18%
4673,790.00Pharr
18%
5758,043.00Rowlett
17%
9929,747Cleburne
16%
9731,664Farmers Branch
16%
7340,714.00Burleson
16%
8038,071.00Lancaster
16%
6746,663.00Cedar Hill
15%
7938,448.00Hurst
15%
7142,907.00Keller
15%
7739,458The Colony
15%
9531,760Kyle
14%
10028,234Southlake
13%
9233,122Copperas Cove
13%
9631,717Leander
13%
6944,575.00Wylie
12%
8137,587.00Friendswood
12%
7440,342.00Coppell
12%
7043,580.00Haltom City
11%
8337,093Weslaco
10%
9033,237Deer Park
8%
9432,517Socorro
8%
8834,654La Porte
8%
8635,593San Juan
8%
9133,188Rosenberg
8%
9332,701Little Elm
7%
8535,929Schertz
7%

Score Distribution

Percentile by Number Answered

Percent of People with Each Score

Your Score History

You have not taken this quiz